Länder die auf Längengrad 50° W liegen - Statistiken

Allgemein
  • Dieses Quiz wurde 20 mal gespielt
  • Das Durchschnittsergebnis liegt bei 6 aus 8
Antwortstatistiken
Antwort % Korrekt
Russland
100%
Iran
78%
Kasachstan
78%
Madagaskar
78%
Aserbaidschan
72%
Jemen
72%
Saudi-Arabien
72%
Somalia
67%
Keine übereinstimmenden Quizze gefunden
Verteilung der Resultate
Anzahl Personen mit jedem Resultat
Perzentil nach korrekt beantworteten Fragen
Ihre Resultats-Entwicklung
Sie haben dieses Quiz noch nicht gespielt